Κατάλογος Βιβλιοθηκών Mediterranean College

Διοικητική Επιστήμη / Λήψη Επιχειρησιακών Αποφάσεων στην Κοινωνία της Πληροφορίας: Β' Έκδοση (Record no. 4537)

MARC details
000 -LEADER
fixed length control field 02396cam a22002054a 4500
005 - ΗΜΕΡΟΜΗΝΙΑ ΚΑΙ ΩΡΑ ΤΕΛΕΥΤΑΙΑΣ ΕΝΗΜΕΡΩΣΗΣ
Πεδίο ελέγχου 20250605164148.0
008 - FIXED-LENGTH DATA ELEMENTS--GENERAL INFORMATION
Πεδίο ελέγχου σταθερού μήκους 250528s ||||||||||||||||||||||||d
035 ## - SYSTEM CONTROL NUMBER
System control number 19273
020 ## - ISBN
ISBN 9603515019
040 ## - ΠΗΓΗ ΚΑΤΑΛΟΓΟΓΡΑΦΗΣΗΣ
Φορέας πρωτότυπης καταλογογράφησης MC Athens Campus Library
Γλώσσα καταλογογράφησης Ελληνικά, Μοντέρνα (1453-)
Modifying agency MC Athens Campus Library
Κανόνες περιγραφικής καταλογογράφησης AACR2
245 1# - ΤΙΤΛΟΣ ΚΑΙ ΔΗΛΩΣΗ ΥΠΕΥΘΥΝΟΤΗΤΑΣ
Τίτλος Διοικητική Επιστήμη / Λήψη Επιχειρησιακών Αποφάσεων στην Κοινωνία της Πληροφορίας: Β' Έκδοση
250 ## - EDITION STATEMENT
Edition statement
260 ## - PUBLICATION, DISTRIBUTION, ETC.
Name of publisher, distributor, etc. Σταμούλης Α,
Date of publication, distribution, etc. 2006
300 ## - PHYSICAL DESCRIPTION
Extent 600
520 ## - SUMMARY, ETC.
Summary, etc. Το βιβλίο είναι εμπλουτισμένο με αποσπάσματα από μάνατζερς ελληνικών και διεθνών επιχειρήσεων που αναδεικνύουν τη σημασία των θεωρητικών συμπερασμάτων μέσα από την εφαρμογή τους στην πράξη, καθώς και με αποτελέσματα ελληνικών και διεθνών ερευνών μεταξύ στελεχών επιχειρήσεων πάνω στις νέες τεχνολογίες και το σύγχρονο μάνατζμεντ. Πρόλογος, Η Διοικητική Επιστήμη στην Κοινωνία της Πληροφορίας, Διοικητική Επιστήμη και Λήψη Αποφάσεων, Επισκόπηση των Μοντέλων Λήψης Αποφάσεων, Γραμμικός Προγραμματισμός, Παραδείγματα Προβλημάτων Γραμμικού Προγραμματισμού, Δθϊκότητα και Ανάλυση Ευαισθησίας, Χρήση Η/Υ για Προβλήματα Γραμμικού Προγραμματισμού, Προβλήματα Δικτύων, Προγραμματισμός Έργων, Ακέραιος Προγραμματισμός, Εφαρμογές Ακέραιου Προγραμματισμού, Δυναμικός Προγραμματισμός, Λήψη Αποφάσεων με Πολλαπλά Κριτήρια, Χρήση Η/Υ για Πολυκριτήρια Ανάλυση, Θεωρία Αποφάσεων, Προσομοίωση, Εφαρμογές της Προσομοίωσης με τη χρήση Η/Υ, Υλοποίηση της Απόφασης.
700 1# - ΠΡΟΣΘΕΤΗ ΑΝΑΓΡΑΦΗ--ΦΥΣΙΚΟ ΠΡΟΣΩΠΟ
Personal name Πραστάκος Γρηγόρης
9 (RLIN) 5505
942 ## - ADDED ENTRY ELEMENTS (KOHA)
Koha item type Books
Holdings
Τύπος τεκμηρίου Βιβλιοθήκη Τρέχουσα τοποθεσία Barcode Αριθμός εισαγωγής Ημερομηνία απόκτησης Ταξιθετικό σύμβολο Αριθμός αντιτύπου Κατάσταση απόσυρσης Κατάσταση χαμένου Κατάσταση κατεστραμμένου Μη δανεισμός Σύνολο δανεισμών Ημερομηνία τελευταίας εμφάνισης Η τιμή ισχύει από
Books MC Athens Campus Library MC Athens Campus Library 9780000045362 5270 05/06/2025 658.403 PRA 1           05/06/2025 05/06/2025

MC Athens Campus Library
Πατησίων 94 & Κοδριγκτώνος 13, 104 34
Πελλήνης 8 & Πατησίων 107, 112 51
Τ: +30 210 8899600

MC Thessaloniki Campus Library
Ίωνος Δραγούμη 21, 54625 | Ίωνος Δραγούμη 15, 54625
Τ: +30 2310 287779 – Τ: +30 2314 440300